Bienvenue à la Médiathèque de Saint-Andiol
banniere
Accueil Recherche avancée Mon compte
handi1 Rechercher dans le catalogue

Filtre   Mots-clés
  Recherche avancée
 
Lister les dernières nouveautés
 
Lister les livres GROS CARACTERES
 
Lister les périodiques (magazines)

handi1 Panthère (La)

princesse de la savane

Book Cover
Auteur principal : Christine Denis-Huot
Autres auteurs : Michel Denis-Huot
Titre : Panthère (La)
Support : Livres
Langue : Francais
Genre : Documentaire
Sujets :
Étiquettes :
Pas de tags
LEADER 00804nam0a2200217 450
001 16867597
010 |a 2-7459-0588-0  |b Cart.  |d 9 € 
100 |a 20020205d2002 u u0frey01 ba 
101 0 |a fre 
102 |a FR 
200 0 |a Panthère (La)  |e princesse de la savane  |f texte Christine Denis-Huot  |g photogr. Michel et Christine Denis-Huot 
207 1 |a   
215 |a 29 p.  |c ill. en coul.  |d 25 x 22 cm 
330 |a Une présentation en images de ce félin aux pattes de velours. 
606 0 |a Léopard  |x ouvrages pour la jeunesse 
676 |a 599.7 
700 0 |a Denis-Huot  |b Christine  |f 1954-....  |4 70 
701 0 |a Denis-Huot  |b Michel  |f 1953-....  |4 440 
900 |a Documentaire 
901 |a Jeunesse 
995 |a Médiathèque  |c Médiathèque  |f 00156004998829  |h 00156004998829  |k E 599.7 PAN  |o p  |q j  |r az  |e Médiathèque